000 01413nam a2200289Ia 4500
001 18141
003 GE_BSU
008 181216s||||||||xx |||||||||||||| ||und||
020 _a99928730213
040 _cGE_BSU
080 _a811.13'342
100 _aახვლედიანი , ციური.
245 _aდიაქრონიული ფონოტაქტიკა და რომანული კონსონანტიზმის პრობლემები
245 _cრედ.ირინა ჟღენტი
260 _aთბილისი
260 _bმედეა
260 _c2008
300 _a186გვ. 21სმ.
300 _eბიბლ.გვ.179-185
520 _aძვირფას მასწავლებელს ვინც ჩამინერგა ფონეტიკის სიყვარული აკადემიკოს გიორგი ახვლედიანს ვუძღვნი ამ წიგნს.
541 _h7ლ.
653 _aდიაქრონიული ფონოტაქტიკა და რომანული კონსონანტიზმის პრობლემები
653 _aრომანული ენების ფონეტიკა.
653 _aფონეტიკა
653 _aფონოლოგია
942 _cBK
999 _c51182
_d51182